000 00950nam a2200265 a 4500
003 BLK
005 20250703122558.0
008 201211b bu |||||r|||| 00| | bu d
020 _a9789542724711
040 _aBLK
041 _aBUL
_cBUL
080 _aБългарска литература
_b821.163.2
_x-312.4
_z821.163.2-312.4
084 _aЛ 24
100 _91299
_aЛаптева, Гергана Гришева
245 _aМонетата
_bроман
_cГергана Лаптева.
260 _9209434
_aСофия
_bЕгмонт България
_c2024
_fКостинброд : Мултипринт
300 _a479 с.
_c21 см
380 _aX
500 _aЗа авт.: с. 479.
852 _aЦб 306023
_bЦб
852 _bП
_c821.163.2-31/Л 24 Г
942 _cKNG
_n0
_s1
_013
944 _aED
_c2024-07-05
_k30576
_lЦветомила Тодорова
999 _c392272
_d392272